[Event "GBR-ch110 Over 50"]
[Site "Hull"]
[Date "2024.07.29"]
[Round "1.1"]
[White "Arkell, Keith C"]
[Black "Brown, Alan M"]
[Result "1-0"]
[WhiteElo "2386"]
[BlackElo "1974"]
[PlyCount "61"]
[EventDate "2024.07.29"]
[EventType "swiss"]
[EventRounds "7"]
[EventCountry "GBR"]
[SourceTitle "BritBase"]
[Source "John Saunders"]
[SourceDate "2025.02.19"]
[SourceVersion "1"]
[SourceVersionDate "2025.02.19"]
[SourceQuality "1"]

1. d4 d5 2. c4 e6 3. cxd5 exd5 4. Nf3 Nf6 5. Nc3 Be7 6. Bg5 c6 7. Qc2 h6 8. Bh4 O-O 9. e3 Ne4 10. Bxe7 Qxe7 11. Bd3 f5 12. Ne5 Qf6 13. O-O Nd7 14. f4 Nxe5 15. dxe5 Qe7 16. Rac1 Be6 17. Na4 Rac8 18. Bxe4 dxe4 19. Qc5 Qf7 20. Qxa7 Ra8 21. Qd4 Bxa2 22. Qb4 Bd5 23. Nb6 Rad8 24. Rfd1 g5 25. Nxd5 Rxd5 26. Rxd5 Qxd5 27. fxg5 hxg5 28. Qxb7 Qxe5 29. Rxc6 Rb8 30. Rg6+ Kf8 31. Qh7 1-0

[Event "GBR-ch110 Over 50"]
[Site "Hull"]
[Date "2024.07.29"]
[Round "1.2"]
[White "Kilshaw, Joe"]
[Black "Dishman, Stephen"]
[Result "0-1"]
[WhiteElo "1937"]
[BlackElo "2306"]
[PlyCount "74"]
[EventDate "2024.07.29"]
[EventType "swiss"]
[EventRounds "7"]
[EventCountry "GBR"]
[SourceTitle "BritBase"]
[Source "John Saunders"]
[SourceDate "2025.02.19"]
[SourceVersion "1"]
[SourceVersionDate "2025.02.19"]
[SourceQuality "1"]

1. e4 c5 2. Nf3 g6 3. d4 cxd4 4. Nxd4 Nc6 5. Nc3 Bg7 6. Be3 Nf6 7. Nxc6 bxc6 8. e5 Ng8 9. f4 Nh6 10. Bc4 O-O 11. Qd2 d6 12. O-O-O Bg4 13. Rde1 Qa5 14. h3 Be6 15. Bxe6 fxe6 16. g4 Rad8 17. Qg2 d5 18. Qg1 Rc8 19. Kb1 c5 20. Bc1 Rc6 21. f5 Rb8 22. Ka1 d4 23. Nd1 exf5 24. Qg2 Ra6 25. a3 e6 26. Nf2 c4 27. Qf3 d3 28. Nxd3 cxd3 29. Qxd3 Qb5 30. Qc3 Rc6 31. Qd2 Nf7 32. gxf5 exf5 33. c4 Qxc4 34. e6 Rxe6 35. Rxe6 Qxe6 36. Re1 Qd6 37. Qa5 Qb6 0-1

[Event "GBR-ch110 Over 50"]
[Site "Hull"]
[Date "2024.07.29"]
[Round "1.3"]
[White "Burnett, Andrew"]
[Black "Giulian, Rosemary A"]
[Result "1-0"]
[WhiteElo "2174"]
[BlackElo "1935"]
[PlyCount "57"]
[EventDate "2024.07.29"]
[EventType "swiss"]
[EventRounds "7"]
[EventCountry "GBR"]
[SourceTitle "BritBase"]
[Source "John Saunders"]
[SourceDate "2025.02.19"]
[SourceVersion "1"]
[SourceVersionDate "2025.02.19"]
[SourceQuality "1"]

1. Nf3 e6 2. c4 Nf6 3. Nc3 d5 4. e3 c6 5. Qc2 Nbd7 6. b3 Bd6 7. Bb2 Qe7 8. Be2 O-O 9. O-O e5 10. cxd5 Nxd5 11. d4 Nxc3 12. Qxc3 e4 13. Ne5 f5 14. Nxd7 Bxd7 15. g3 Be6 16. Bc4 Rfd8 17. Bxe6+ Qxe6 18. d5 Qe7 19. dxc6 Rac8 20. Qa5 Rxc6 21. Qxf5 Rc5 22. Qh3 Rc2 23. Bd4 Be5 24. Bxe5 Qxe5 25. Rad1 Rd5 26. a4 Qd6 27. Qg4 Qe5 28. Rxd5 Qxd5 29. Rd1 1-0

[Event "GBR-ch110 Over 50"]
[Site "Hull"]
[Date "2024.07.29"]
[Round "1.4"]
[White "Grillage, Andrew"]
[Black "Okike, David C"]
[Result "0-1"]
[WhiteElo "1930"]
[BlackElo "2157"]
[PlyCount "72"]
[EventDate "2024.07.29"]
[EventType "swiss"]
[EventRounds "7"]
[EventCountry "GBR"]
[SourceTitle "BritBase"]
[Source "John Saunders"]
[SourceDate "2025.02.19"]
[SourceVersion "1"]
[SourceVersionDate "2025.02.19"]
[SourceQuality "1"]

1. d4 Nf6 2. Nf3 e6 3. c4 d5 4. cxd5 exd5 5. Nc3 c6 6. Qc2 Nbd7 7. Bg5 h6 8. Bh4 g5 9. Bg3 Nh5 10. e3 Nxg3 11. hxg3 Bg7 12. Bd3 Qe7 13. Bf5 Nb6 14. Bxc8 Rxc8 15. O-O O-O 16. Rab1 a5 17. a3 Nc4 18. Rfe1 f5 19. Nd2 b5 20. Nxc4 dxc4 21. Qe2 Qd6 22. a4 Rb8 23. Ra1 Qc7 24. Red1 Kh8 25. axb5 cxb5 26. Qd2 a4 27. Qe2 Qd6 28. Qf3 Qd7 29. Qe2 f4 30. gxf4 gxf4 31. exf4 Rxf4 32. d5 Re8 33. Qd2 Ref8 34. Rf1 Bd4 35. g3 Qh3 36. Nd1 Qxg3+ 0-1

[Event "GBR-ch110 Over 50"]
[Site "Hull"]
[Date "2024.07.29"]
[Round "1.5"]
[White "Townsend, M Paul"]
[Black "Baer, Bruce L"]
[Result "1-0"]
[WhiteElo "2146"]
[BlackElo "1926"]
[PlyCount "49"]
[EventDate "2024.07.29"]
[EventType "swiss"]
[EventRounds "7"]
[EventCountry "GBR"]
[SourceTitle "BritBase"]
[Source "John Saunders"]
[SourceDate "2025.02.19"]
[SourceVersion "1"]
[SourceVersionDate "2025.02.19"]
[SourceQuality "1"]

1. d4 g6 2. c4 d6 3. Nf3 Bg7 4. g3 Nd7 5. Bg2 e5 6. Nc3 Ne7 7. O-O O-O 8. e4 exd4 9. Nxd4 Nc6 10. Nde2 a5 11. Rb1 Nc5 12. Be3 Be6 13. b3 Qe7 14. Qd2 f6 15. Nf4 Kh8 16. Ncd5 Bxd5 17. exd5 Ne5 18. Bxc5 dxc5 19. Ne6 Rfe8 20. Rfe1 Qd6 21. Re2 g5 22. f4 gxf4 23. Qxf4 Ng6 24. Qf5 Ne7 25. Qh5 1-0

[Event "GBR-ch110 Over 50"]
[Site "Hull"]
[Date "2024.07.29"]
[Round "1.6"]
[White "Keely, Leo A"]
[Black "McMichael, Richard J"]
[Result "1/2-1/2"]
[WhiteElo "1923"]
[BlackElo "2132"]
[PlyCount "66"]
[EventDate "2024.07.29"]
[EventType "swiss"]
[EventRounds "7"]
[EventCountry "GBR"]
[SourceTitle "BritBase"]
[Source "John Saunders"]
[SourceDate "2025.02.19"]
[SourceVersion "1"]
[SourceVersionDate "2025.02.19"]
[SourceQuality "1"]

1. e4 e6 2. d4 d5 3. Nc3 Nc6 4. Be3 Nge7 5. Nf3 dxe4 6. Nxe4 Nf5 7. Bb5 Bd7 8. Bg5 Be7 9. Bxe7 Qxe7 10. O-O O-O-O 11. c3 Nd6 12. Nxd6+ Qxd6 13. Qe2 f6 14. Rad1 Rhe8 15. Rfe1 Kb8 16. Qf1 a6 17. Bc4 Ne7 18. b4 Nd5 19. Bxd5 exd5 20. Rxe8 Bxe8 21. Qd3 Bg6 22. Qd2 Bh5 23. Re1 Bxf3 24. gxf3 Qd7 25. Qe3 Qf5 26. Qe7 Rd6 27. Qxg7 Qxf3 28. Re8+ Ka7 29. Qxc7 Qg4+ 30. Kf1 Qd1+ 31. Kg2 Qg4+ 32. Kf1 Qd1+ 33. Kg2 Qg4+ 1/2-1/2

[Event "GBR-ch110 Over 50"]
[Site "Hull"]
[Date "2024.07.29"]
[Round "1.7"]
[White "Crocker, Philip J"]
[Black "Vleeshhouwer, Douglas"]
[Result "1/2-1/2"]
[WhiteElo "2122"]
[BlackElo "1923"]
[PlyCount "60"]
[EventDate "2024.07.29"]
[EventType "swiss"]
[EventRounds "7"]
[EventCountry "GBR"]
[SourceTitle "BritBase"]
[Source "John Saunders"]
[SourceDate "2025.02.19"]
[SourceVersion "1"]
[SourceVersionDate "2025.02.19"]
[SourceQuality "1"]

1. c4 e5 2. g3 Nc6 3. Bg2 f5 4. Nc3 Nf6 5. b3 Bc5 6. Bb2 d6 7. e3 O-O 8. Nge2 Bb6 9. O-O a6 10. d4 e4 11. Nf4 Ne7 12. f3 g5 13. Nfd5 Nexd5 14. Nxd5 Nxd5 15. cxd5 exf3 16. Qxf3 Qe7 17. a4 Ba5 18. Rf2 Bd7 19. Re2 b5 20. axb5 axb5 21. e4 Bb6 22. Rxa8 Rxa8 23. e5 Qg7 24. Kh1 b4 25. Qd3 Rf8 26. Re1 f4 27. Rf1 Bf5 28. Be4 Bh3 29. Bg2 Bf5 30. Be4 Bh3 1/2-1/2

[Event "GBR-ch110 Over 50"]
[Site "Hull"]
[Date "2024.07.29"]
[Round "1.8"]
[White "Wheeler, James M"]
[Black "Zeidler, Sven P"]
[Result "1-0"]
[WhiteElo "1881"]
[BlackElo "2116"]
[PlyCount "43"]
[EventDate "2024.07.29"]
[EventType "swiss"]
[EventRounds "7"]
[EventCountry "GBR"]
[SourceTitle "BritBase"]
[Source "John Saunders"]
[SourceDate "2025.02.19"]
[SourceVersion "1"]
[SourceVersionDate "2025.02.19"]
[SourceQuality "1"]

1. d4 f5 2. Nc3 d5 3. Bf4 a6 4. e3 Nf6 5. Nf3 e6 6. h3 c5 7. a3 Nc6 8. Be2 cxd4 9. exd4 Ne4 10. O-O Be7 11. Ne5 O-O 12. Nxc6 bxc6 13. Nxe4 fxe4 14. Qd2 Bf6 15. c3 Qb6 16. Bd6 Rd8 17. Bc5 Qc7 18. f3 exf3 19. Rxf3 a5 20. Raf1 a4 21. Qg5 h6 22. Qg6 1-0

[Event "GBR-ch110 Over 50"]
[Site "Hull"]
[Date "2024.07.29"]
[Round "1.9"]
[White "Dougherty, Michael"]
[Black "Kennedy, Craig"]
[Result "1/2-1/2"]
[WhiteElo "2112"]
[BlackElo "1871"]
[PlyCount "110"]
[EventDate "2024.07.29"]
[EventType "swiss"]
[EventRounds "7"]
[EventCountry "GBR"]
[SourceTitle "BritBase"]
[Source "John Saunders"]
[SourceDate "2025.02.19"]
[SourceVersion "1"]
[SourceVersionDate "2025.02.19"]
[SourceQuality "1"]

1. Nf3 d5 2. c4 e6 3. g3 c6 4. b3 f5 5. Bg2 Nf6 6. O-O Bd6 7. Bb2 O-O 8. d3 Qe7 9. Nbd2 e5 10. cxd5 cxd5 11. e4 fxe4 12. dxe4 d4 13. Nc4 Bg4 14. h3 Bh5 15. Qd3 Nc6 16. Nh4 Bg6 17. Nxg6 hxg6 18. a3 Nh5 19. Nxd6 Qxd6 20. b4 Kh7 21. Rac1 Nd8 22. Rc5 Ne6 23. Rd5 Qb8 24. Bc1 Nf6 25. f4 exf4 26. Bxf4 Nxf4 27. Rxf4 Nxd5 28. Rh4+ Kg8 29. exd5 Rf6 30. d6 Qxd6 31. Qc4+ Re6 32. Rxd4 Qb6 33. Bd5 Rae8 34. Kg2 Kf8 35. Bxe6 Qxe6 36. Qxe6 Rxe6 37. Kf3 Ra6 38. Rd3 Ke7 39. Kf4 Kf6 40. h4 Rc6 41. Rd4 Ra6 42. g4 Rxa3 43. Rd6+ Kf7 44. Kg5 Re3 45. Rd7+ Re7 46. Rxe7+ Kxe7 47. Kxg6 Kf8 48. Kh7 Kf7 49. h5 Kf6 50. b5 a5 51. bxa6 bxa6 52. h6 gxh6 53. Kxh6 Kf7 54. Kh7 Kf6 55. Kh6 Kf7 1/2-1/2

[Event "GBR-ch110 Over 50"]
[Site "Hull"]
[Date "2024.07.29"]
[Round "1.10"]
[White "Rich, Ben S"]
[Black "Farrell, Neil R"]
[Result "1/2-1/2"]
[WhiteElo "1869"]
[BlackElo "2099"]
[PlyCount "94"]
[EventDate "2024.07.29"]
[EventType "swiss"]
[EventRounds "7"]
[EventCountry "GBR"]
[SourceTitle "BritBase"]
[Source "John Saunders"]
[SourceDate "2025.02.19"]
[SourceVersion "1"]
[SourceVersionDate "2025.02.19"]
[SourceQuality "1"]

1. a3 d5 2. c4 e6 3. Nf3 Nf6 4. e3 c5 5. Qc2 Nc6 6. d3 Be7 7. b3 O-O 8. Bb2 b6 9. Nbd2 Bb7 10. Ne5 d4 11. Nxc6 Bxc6 12. e4 Nd7 13. g3 f5 14. Bg2 e5 15. O-O f4 16. Nf3 Bd6 17. Rae1 g5 18. Bh3 Qe7 19. Qd1 Rf7 20. Bf5 Kh8 21. g4 h5 22. Nd2 Nf6 23. f3 Bd7 24. Bxd7 Qxd7 25. h3 Rh7 26. Kg2 Kg7 27. Rh1 Rah8 28. a4 Kg6 29. Reg1 Rh6 30. Bc1 Qh7 31. Nb1 hxg4 32. hxg4 Rh3 33. Rxh3 Qxh3+ 34. Kf2 Qh2+ 35. Rg2 Qh4+ 36. Kf1 Qh3 37. Kf2 Rh7 38. Na3 Ng8 39. Nb5 Bb8 40. Na3 Ne7 41. Bd2 Kf6 42. Qf1 Ng6 43. Rg1 Qxf1+ 44. Kxf1 Rh2 45. Rg2 Rh3 46. Ke2 Nh4 47. Rf2 Ng6 1/2-1/2

[Event "GBR-ch110 Over 50"]
[Site "Hull"]
[Date "2024.07.29"]
[Round "1.11"]
[White "Minnican, Alan"]
[Black "Turner, Tim M"]
[Result "1-0"]
[WhiteElo "2081"]
[BlackElo "1860"]
[PlyCount "79"]
[EventDate "2024.07.29"]
[EventType "swiss"]
[EventRounds "7"]
[EventCountry "GBR"]
[SourceTitle "BritBase"]
[Source "John Saunders"]
[SourceDate "2025.02.19"]
[SourceVersion "1"]
[SourceVersionDate "2025.02.19"]
[SourceQuality "1"]

1. c4 Nf6 2. g3 g6 3. Bg2 Bg7 4. Nc3 d6 5. d4 O-O 6. h3 Nc6 7. Nf3 e5 8. Be3 exd4 9. Nxd4 Ne5 10. b3 Re8 11. O-O a6 12. Qd2 Bd7 13. Rad1 Qc8 14. f4 Nc6 15. Nxc6 bxc6 16. Kh2 Rb8 17. Bd4 c5 18. Bxf6 Bxf6 19. Nd5 Bg7 20. e4 f5 21. exf5 Bxf5 22. Rde1 Qd7 23. g4 Be6 24. f5 Bf7 25. f6 Bf8 26. g5 Rxe1 27. Rxe1 Re8 28. Rxe8 Bxe8 29. Nf4 Qf5 30. h4 c6 31. Qe3 Qe5 32. Qxe5 dxe5 33. Ne6 Bd6 34. Be4 Bd7 35. Nd8 Bf5 36. Bxc6 Bb1 37. Bd5+ Kf8 38. Nb7 Bc7 39. Nxc5 e4+ 40. Kg2 1-0

[Event "GBR-ch110 Over 50"]
[Site "Hull"]
[Date "2024.07.29"]
[Round "1.12"]
[White "Jaszkiwskyj, Peter"]
[Black "Henderson, David"]
[Result "1/2-1/2"]
[WhiteElo "1857"]
[BlackElo "2057"]
[PlyCount "61"]
[EventDate "2024.07.29"]
[EventType "swiss"]
[EventRounds "7"]
[EventCountry "GBR"]
[SourceTitle "BritBase"]
[Source "John Saunders"]
[SourceDate "2025.02.19"]
[SourceVersion "1"]
[SourceVersionDate "2025.02.19"]
[SourceQuality "1"]

1. d4 d5 2. c4 e6 3. Nc3 Nf6 4. Bg5 Be7 5. e3 O-O 6. Nf3 h6 7. Bh4 b6 8. cxd5 Nxd5 9. Bxe7 Qxe7 10. Nxd5 exd5 11. Qb3 Be6 12. Rc1 Rc8 13. Bd3 c5 14. Qa3 Kf8 15. b3 Nd7 16. O-O cxd4 17. Qxe7+ Kxe7 18. Nxd4 Nc5 19. Be2 Ne4 20. Ba6 Rxc1 21. Rxc1 Nc5 22. Be2 a5 23. a3 Bd7 24. Rc3 g6 25. f3 Rc8 26. Kf1 Ne6 27. Rxc8 Bxc8 28. Nc2 Nc5 29. Nd4 Ne6 30. Nc2 Nc5 31. Nd4 1/2-1/2

[Event "GBR-ch110 Over 50"]
[Site "Hull"]
[Date "2024.07.29"]
[Round "1.13"]
[White "Brett, Andrew R"]
[Black "Wilson, Matthew R"]
[Result "1/2-1/2"]
[WhiteElo "2052"]
[BlackElo "1832"]
[PlyCount "97"]
[EventDate "2024.07.29"]
[EventType "swiss"]
[EventRounds "7"]
[EventCountry "GBR"]
[SourceTitle "BritBase"]
[Source "John Saunders"]
[SourceDate "2025.02.19"]
[SourceVersion "1"]
[SourceVersionDate "2025.02.19"]
[SourceQuality "1"]

1. d4 d5 2. c4 e6 3. Nc3 Nf6 4. cxd5 exd5 5. Bg5 c6 6. Qc2 Be7 7. e3 h6 8. Bh4 Nbd7 9. Bd3 Nh5 10. Bxe7 Qxe7 11. O-O-O Nb6 12. h3 Bd7 13. Nf3 O-O-O 14. Ne5 Nf6 15. Kb1 Kb8 16. Rc1 Bc8 17. Na4 Nfd7 18. Nxb6 Nxb6 19. Qb3 Ka8 20. a4 Nd7 21. Nf3 Rhe8 22. a5 Qd6 23. Qc2 Nb8 24. Ne5 Re7 25. Rhd1 Rc7 26. Qc5 Qxc5 27. dxc5 Re7 28. Nf3 a6 29. Nd4 g6 30. b4 Nd7 31. Kb2 Nf8 32. Kc3 Ne6 33. Nf3 Kb8 34. Bc2 Nc7 35. Nd4 Re5 36. Re1 Rde8 37. Rcd1 h5 38. h4 Nb5+ 39. Nxb5 axb5 40. Rd4 Bf5 41. Bd1 Re4 42. Bf3 Rxd4 43. Kxd4 Be4 44. Ra1 Re6 45. Rg1 Rf6 46. Bxe4 dxe4 47. Rf1 Re6 48. f4 f5 49. Rh1 1/2-1/2

[Event "GBR-ch110 Over 50"]
[Site "Hull"]
[Date "2024.07.29"]
[Round "1.14"]
[White "Wheeler, Tim"]
[Black "Ciuravin, Andrei"]
[Result "0-1"]
[WhiteElo "1825"]
[BlackElo "2044"]
[PlyCount "116"]
[EventDate "2024.07.29"]
[EventType "swiss"]
[EventRounds "7"]
[EventCountry "GBR"]
[SourceTitle "BritBase"]
[Source "John Saunders"]
[SourceDate "2025.02.19"]
[SourceVersion "1"]
[SourceVersionDate "2025.02.19"]
[SourceQuality "1"]

1. e4 b6 2. d4 Bb7 3. Bd3 Nf6 4. Qe2 e6 5. Nf3 Be7 6. O-O d5 7. e5 Nfd7 8. g3 c5 9. c3 Nc6 10. a3 a5 11. a4 c4 12. Bc2 Ba6 13. Na3 Na7 14. h4 h6 15. Nh2 h5 16. f4 g6 17. Nf3 Bxa3 18. bxa3 Qe7 19. Bb2 O-O-O 20. Ng5 Kb7 21. Kg2 Nc6 22. Qe3 Qe8 23. Rfe1 Ne7 24. Qd2 Ka7 25. Kf3 Bb7 26. g4 Bc6 27. Qd1 Rc8 28. Kg3 Rc7 29. Rf1 hxg4 30. Kxg4 Nf8 31. Rh1 Nf5 32. Bxf5 exf5+ 33. Kg3 Rh5 34. Qf3 Ne6 35. Rab1 Qd7 36. Qe2 Bxa4 37. Ba1 Bb3 38. Qb2 Rb7 39. Qd2 Rb8 40. Rh2 Qe7 41. Bb2 Rd8 42. Rbh1 Ba4 43. Nf3 Ng7 44. Re1 Ne6 45. Ng5 Rdh8 46. Reh1 Bc6 47. Bc1 Rb8 48. Qb2 Ba4 49. Bd2 Rb7 50. Re1 Bd7 51. Nxe6 fxe6 52. Reh1 Ba4 53. Qa1 Bc2 54. Qb2 Be4 55. Rg1 Qd8 56. Qb5 Rbh7 57. Qc6 Rxh4 58. Rxh4 Qxh4# 0-1

[Event "GBR-ch110 Over 50"]
[Site "Hull"]
[Date "2024.07.29"]
[Round "1.15"]
[White "Regan, Natasha K"]
[Black "Faulkner, Martin J"]
[Result "1/2-1/2"]
[WhiteElo "2015"]
[BlackElo "1803"]
[PlyCount "85"]
[EventDate "2024.07.29"]
[EventType "swiss"]
[EventRounds "7"]
[EventCountry "GBR"]
[SourceTitle "BritBase"]
[Source "John Saunders"]
[SourceDate "2025.02.19"]
[SourceVersion "1"]
[SourceVersionDate "2025.02.19"]
[SourceQuality "1"]

1. Nf3 Nf6 2. c4 e6 3. g3 d5 4. Bg2 Nbd7 5. b3 Be7 6. O-O O-O 7. Nc3 c6 8. d4 Re8 9. Qc2 Nf8 10. e4 Nxe4 11. Nxe4 dxe4 12. Qxe4 Bf6 13. h4 h6 14. Be3 Qa5 15. a3 Qa6 16. Ne5 Bd7 17. Qg4 c5 18. h5 cxd4 19. Bxd4 Rad8 20. a4 Qd6 21. Rfe1 Qc7 22. Rad1 Bc8 23. Qe4 Nd7 24. Nxd7 Bxd4 25. Rxd4 Rxd7 26. Rxd7 Qxd7 27. Bf3 Qe7 28. Qe5 b6 29. Rd1 Bb7 30. Bxb7 Qxb7 31. Qb5 Qb8 32. Qd7 e5 33. Rd5 e4 34. Rf5 f6 35. Rf4 Qe5 36. Qd5+ Kf8 37. Qxe5 Re7 38. Qe6 Rxe6 39. g4 Re5 40. Kf1 Ke7 41. f3 Kd6 42. b4 e3 43. c5+ 1/2-1/2

[Event "GBR-ch110 Over 50"]
[Site "Hull"]
[Date "2024.07.29"]
[Round "1.16"]
[White "Morrison, Munroe L"]
[Black "Ledger, Stephen C"]
[Result "0-1"]
[WhiteElo "1799"]
[BlackElo "2012"]
[PlyCount "68"]
[EventDate "2024.07.29"]
[EventType "swiss"]
[EventRounds "7"]
[EventCountry "GBR"]
[SourceTitle "BritBase"]
[Source "John Saunders"]
[SourceDate "2025.02.19"]
[SourceVersion "1"]
[SourceVersionDate "2025.02.19"]
[SourceQuality "1"]

1. e4 c5 2. Nc3 Nc6 3. g3 g6 4. Bg2 Bg7 5. d3 e6 6. Be3 d6 7. Qd2 Rb8 8. f4 Nge7 9. Nf3 Nd4 10. Nd1 b5 11. O-O O-O 12. Nh4 f5 13. c3 Ndc6 14. exf5 exf5 15. Nf3 b4 16. d4 bxc3 17. Nxc3 Qa5 18. Rfd1 Rd8 19. a3 Rb3 20. Qc2 c4 21. Bf1 Ba6 22. Ng5 Rdb8 23. Rab1 Nd8 24. Bf2 h6 25. Nf3 Nd5 26. Qe2 Nxc3 27. Qe8+ Kh7 28. Nh4 Nc6 29. Qxc6 Nxb1 30. Rxb1 Qb6 31. Qd5 Rxb2 32. Rxb2 Qxb2 33. Bxc4 Qc1+ 34. Kg2 Bb7 0-1

[Event "GBR-ch110 Over 50"]
[Site "Hull"]
[Date "2024.07.29"]
[Round "1.17"]
[White "Burrows, Martin P"]
[Black "Swiatkowski, Aram"]
[Result "1-0"]
[WhiteElo "2010"]
[BlackElo "1782"]
[PlyCount "47"]
[EventDate "2024.07.29"]
[EventType "swiss"]
[EventRounds "7"]
[EventCountry "GBR"]
[SourceTitle "BritBase"]
[Source "John Saunders"]
[SourceDate "2025.02.19"]
[SourceVersion "1"]
[SourceVersionDate "2025.02.19"]
[SourceQuality "1"]

1. e4 e5 2. Nf3 Nc6 3. Bb5 a6 4. Ba4 Nf6 5. O-O b5 6. Bb3 Be7 7. Re1 O-O 8. d3 Bb7 9. Nc3 h6 10. Bd2 Bc5 11. h3 d6 12. a4 Nd4 13. Nxd4 Bxd4 14. axb5 Bxc3 15. Bxc3 axb5 16. Rxa8 Qxa8 17. f4 Qa7+ 18. Kh2 Qc5 19. Rf1 exf4 20. Rxf4 Nh5 21. Rf5 Qe3 22. Qxh5 d5 23. Rf3 Qe2 24. exd5 1-0

[Event "GBR-ch110 Over 50"]
[Site "Hull"]
[Date "2024.07.29"]
[Round "1.18"]
[White "Watson, Simon"]
[Black "Handley, Michael R"]
[Result "1/2-1/2"]
[WhiteElo "1780"]
[BlackElo "2007"]
[PlyCount "60"]
[EventDate "2024.07.29"]
[EventType "swiss"]
[EventRounds "7"]
[EventCountry "GBR"]
[SourceTitle "BritBase"]
[Source "John Saunders"]
[SourceDate "2025.02.19"]
[SourceVersion "1"]
[SourceVersionDate "2025.02.19"]
[SourceQuality "1"]

1. e4 e6 2. d4 d5 3. Nc3 Nf6 4. Bg5 dxe4 5. Nxe4 Be7 6. Nxf6+ Bxf6 7. Bxf6 Qxf6 8. Nf3 O-O 9. Bd3 c5 10. c3 cxd4 11. Nxd4 Rd8 12. Qe2 e5 13. Nb3 Nc6 14. O-O Bf5 15. Bxf5 Qxf5 16. Rad1 Qe6 17. Rxd8+ Rxd8 18. Rd1 Rxd1+ 19. Qxd1 h6 20. h3 f5 21. Nc5 Qe7 22. Qd5+ Kh7 23. b4 Kg6 24. Nd7 e4 25. b5 e3 26. fxe3 Qxe3+ 27. Kh2 Qf4+ 28. Kg1 Qc1+ 29. Kh2 Qf4+ 30. Kg1 Nb8 1/2-1/2

[Event "GBR-ch110 Over 50"]
[Site "Hull"]
[Date "2024.07.29"]
[Round "1.19"]
[White "Mason, Donald J"]
[Black "Strugar, Ioan"]
[Result "1/2-1/2"]
[WhiteElo "2003"]
[BlackElo "1664"]
[PlyCount "33"]
[EventDate "2024.07.29"]
[EventType "swiss"]
[EventRounds "7"]
[EventCountry "GBR"]
[SourceTitle "BritBase"]
[Source "John Saunders"]
[SourceDate "2025.02.19"]
[SourceVersion "1"]
[SourceVersionDate "2025.02.19"]
[SourceQuality "1"]

1. c4 f5 2. Nc3 e5 3. d4 exd4 4. Qxd4 Nc6 5. Qd1 Nf6 6. a3 g6 7. Nh3 Bg7 8. e3 O-O 9. Be2 d6 10. O-O Kh8 11. Bd2 Ne5 12. Rc1 c6 13. Ng5 h6 14. Nf3 Be6 15. Nd4 Bf7 16. b3 Qe7 17. h3 1/2-1/2

[Event "GBR-ch110 Over 50"]
[Site "Hull"]
[Date "2024.07.29"]
[Round "1.20"]
[White "Lynch, Chris"]
[Black "Hasson, Peter"]
[Result "0-1"]
[WhiteElo "1595"]
[BlackElo "1993"]
[PlyCount "98"]
[EventDate "2024.07.29"]
[EventType "swiss"]
[EventRounds "7"]
[EventCountry "GBR"]
[SourceTitle "BritBase"]
[Source "John Saunders"]
[SourceDate "2025.02.19"]
[SourceVersion "1"]
[SourceVersionDate "2025.02.19"]
[SourceQuality "1"]

1. d4 d6 2. e4 Nf6 3. Bg5 Nxe4 4. Bf4 d5 5. c4 c6 6. Qb3 e6 7. Nf3 Nd7 8. Nc3 Ndf6 9. Be2 Be7 10. O-O O-O 11. h3 b6 12. Ne5 Bb7 13. Rfd1 Nxc3 14. Qxc3 c5 15. Qg3 Ne4 16. Qg4 f5 17. Qh5 cxd4 18. Rxd4 Qe8 19. Qf3 Bc5 20. Rad1 Rd8 21. Be3 Bd6 22. Bf4 g5 23. Bh2 f4 24. Ng4 Nf6 25. Nxf6+ Rxf6 26. Qd3 Bc5 27. Qc3 Bxd4 28. Qxd4 e5 29. Qd2 d4 30. Bd3 e4 31. Bb1 Re6 32. Re1 e3 33. Qd3 Be4 34. Qa3 Bxb1 35. Rxb1 exf2+ 36. Kxf2 Re2+ 37. Kf1 Qe3 38. Bg1 Qxa3 39. bxa3 Rxa2 40. Rd1 d3 41. c5 bxc5 42. Bxc5 a6 43. Bb4 Kf7 44. Rd2 Rxd2 45. Bxd2 Kg6 46. Kf2 Kf5 47. g3 fxg3+ 48. Kxg3 Re8 49. Kf2 Re2+ 0-1

[Event "GBR-ch110 Over 50"]
[Site "Hull"]
[Date "2024.07.30"]
[Round "2.2"]
[White "Dishman, Stephen"]
[Black "Burrows, Martin P"]
[Result "1-0"]
[WhiteElo "2306"]
[BlackElo "2010"]
[PlyCount "91"]
[EventDate "2024.07.29"]
[EventType "swiss"]
[EventRounds "7"]
[EventCountry "GBR"]
[SourceTitle "BritBase"]
[Source "John Saunders"]
[SourceDate "2025.02.19"]
[SourceVersion "1"]
[SourceVersionDate "2025.02.19"]
[SourceQuality "1"]

1. d4 e6 2. Nf3 Nf6 3. Bf4 c5 4. e3 Be7 5. h3 O-O 6. Nbd2 cxd4 7. exd4 b6 8. a4 a6 9. Bd3 Bb7 10. O-O d6 11. Re1 Nbd7 12. Bh2 Re8 13. a5 b5 14. c4 bxc4 15. Nxc4 Nf8 16. Nb6 Ra7 17. Nd2 Ng6 18. Qa4 Nd5 19. Ndc4 Nxb6 20. Nxb6 Nh4 21. d5 e5 22. f4 Bf6 23. Re2 Ng6 24. Rae1 Bh4 25. Rc1 Bf6 26. Rc4 Ra8 27. Bxg6 hxg6 28. Rce4 Rb8 29. fxe5 dxe5 30. Bxe5 Bxe5 31. Rxe5 Rxe5 32. Rxe5 f6 33. Re3 Qd6 34. Qe4 Rd8 35. Qd4 f5 36. b4 f4 37. Re5 f3 38. gxf3 Rf8 39. Kg2 Qf6 40. Qe4 Rf7 41. Kg3 Rc7 42. Re8+ Kf7 43. Qe6+ Qxe6 44. Rxe6 Rc3 45. Rd6 Rc7 46. Kf4 1-0